000
00285nam a22001337a 4500
008
210303b ||||| |||| 00| 0 eng d
020
_a
0697395979
041
_a
eng
080
_2
2nd
_a
541
100
_a
12
101
_a
KIM
245
_a
Chemistry
_c
Silberberg,S.M
942
_2
udc
_c
BK
999
_c
55658
_d
55658